NESTER'S MICROBIOLOGY (Record no. 216567)

MARC details
000 -LEADER
fixed length control field 00448nam a22001697a 4500
008 - FIXED-LENGTH DATA ELEMENTS--GENERAL INFORMATION
fixed length control field 260209b |||||||| |||| 00| 0 eng d
020 ## - INTERNATIONAL STANDARD BOOK NUMBER
International Standard Book Number 978-1-266-86755-2
100 ## - MAIN ENTRY--PERSONAL NAME
Personal name ANDERSON, DENISE
245 ## - TITLE STATEMENT
Title NESTER'S MICROBIOLOGY
Remainder of title A HUMAN PERSPECTIVE
260 ## - PUBLICATION, DISTRIBUTION, ETC.
Place of publication, distribution, etc. NEW YORK
Name of publisher, distributor, etc. MCGRAW HILL
Date of publication, distribution, etc. 2024
300 ## - PHYSICAL DESCRIPTION
Extent XXXV,821P.
500 ## - GENERAL NOTE
General note INCLUDES INDEX
650 ## - SUBJECT ADDED ENTRY
Topical term or geographic name entry element MICROBIOLOGY
700 ## - ADDED ENTRY--PERSONAL NAME
Personal name SALM, SARAH
942 ## - ADDED ENTRY ELEMENTS (KOHA)
Source of classification or shelving scheme Library of Congress Classification
Koha item type Long Loan Book
Holdings
Withdrawn status Lost status Source of classification or shelving scheme Damaged status Not for loan Collection Home library Current library Shelving location Date acquired Inventory number Total checkouts Full call number Barcode Date last seen Date last checked out Copy number Price effective from Koha item type Date due
    Library of Congress Classification     Medicine Kisii University Library Kisii University Library On Display 02/09/2026 110832 1 QR 41.2 N47 2024 50948 03/16/2026 03/03/2026 1 02/09/2026 Long Loan Book  
    Library of Congress Classification     Medicine Kisii University Library Kisii University Library On Display 02/09/2026 110833   QR 41.2 N47 2024 50949 02/09/2026   2 02/09/2026 Long Loan Book  
    Library of Congress Classification     Medicine Kisii University Library Kisii University Library On Display 02/09/2026 110834 1 QR 41.2 N47 2024 50955 03/27/2026 03/27/2026 3 02/09/2026 Long Loan Book 06/25/2026
    Library of Congress Classification     Medicine Kisii University Library Kisii University Library On Display 02/09/2026 110835   QR 41.2 N47 2024 50968 02/09/2026   4 02/09/2026 Long Loan Book  
    Library of Congress Classification     Medicine Kisii University Library Kisii University Library On Display 02/09/2026 110836   QR 41.2 N47 2024 50974 02/09/2026   5 02/09/2026 Long Loan Book